Statistics for US States by Initial Letter and Length

Click here to take the quiz!

General Stats

  • This quiz has been taken 17 times
  • The average score is 19 of 20

Answer Stats

Hint Country % Correct
A6Alaska
100%
I5Idaho
100%
K8Kentucky
100%
M5Maine
100%
O8Oklahoma
100%
S12South Dakota
100%
O6Oregon
100%
V7Vermont
100%
C8Colorado
100%
A8Arkansas
100%
N13New Hampshire
94%
V8Virginia
94%
W10Washington
94%
I7Indiana
94%
T5Texas
94%
T9Tennessee
88%
N6Nevada
88%
W7Wyoming
88%
M11Mississippi
82%
C11Connecticut
82%

Score Distribution

Percentile by Number Answered

Percent of People with Each Score

Your Score History

You have not taken this quiz